000 01314nam0a22002891 4500
001 rc\3914777
005 20260406090908.0
021 _aRU
_b[46-5114]
035 _a(NLR Aleph) 008021801
090 _a8765612
_c8765612
100 _a20130415d1946 |||y0rusy50 ca
101 0 _arus
102 _aRU
105 _aa j |||||
200 1 _aГеография животных
_eДопущ. ВКВШ при СНК СССР в качестве учебника
_eДля биол. и геогр. фак. гос. ун-тов и пед. ин-тов
210 _aМосква
_cСов. наука
_d1946
_gТип. "Кр. пролетарий"
215 _a455 с., 1 л. ил.
_cил.
_d26
300 _aПеред загл. авт.: проф. Н.А. Бобринский, проф. Л.А. Зенкевич, доц. Я.А. Бирштейн
606 _aЗоогеография
_jУчебники и пособия
_2psbo
700 1 _7ca
_8rus
_aБобринский
_bН. А.
_cд-р биол. наук
_f1890-1964
_gНиколай Алексеевич
_3RU\NLR\AUTH\770281447
_92653414
701 1 _aЗенкевич
_bЛ.А.
_gЛев Александрович
701 1 _aБирштейн
_bЯ.А.
801 0 _aRU
_bNLR
_gpsbo
801 1 _aRU
_bELAR
_2rusmarc
852 _aNLR
_jЗ02 Г-7/24
942 _cBOOK
980 _aNB